00389 a2200121 450000500170000002000180001708200160003510000210005124500610007226000590013330000550019270000200024720250522132436.0 a0-675-20049-0 a658.453 RUT aRUTKOSKIE, A. E. aEffective Writing for Business : An Analytical Approach. aLondon, bCharles E Merrill publishing Company,c1983. axiii, 281p.:Ill.; figures & picturebIndexc25cm. aMURPHREE, C. T.